[Event "WSTCC-65 2020"]
[Site "Prague"]
[Date "2020.03.12"]
[Round "7.4"]
[White "Lederman, Leon"]
[Black "Canonne, Antoine"]
[Result "1/2-1/2"]
[WhiteElo "2234"]
[BlackElo "1917"]
[Annotator "ChessBase"]
[PlyCount "60"]
[EventDate "2020.03.06"]
[EventType "team-tourn"]
[EventCountry "CZE"]
[SourceTitle "playchess.com"]
[Source "ChessBase"]
[SourceQuality "1"]
[TimeControl "40/5400+30:1800+30"]

1. e4 {[%emt 0:00:00]} c6 {[%emt 0:00:00]} 2. d4 {[%emt 0:00:00]} d5 {[%emt 0:00:00]} 3. Nc3 {[%emt 0:00:00]} dxe4 {[%emt 0:00:01]} 4. Nxe4 {[%emt 0:00:00]} Nf6 {[%emt 0:00:10]} 5. Nxf6+ {[%emt 0:00:00]} exf6 {[%emt 0:00:20]} 6. Bc4 {[%emt 0:00:12]} Bd6 {[%emt 0:00:39]} 7. Qe2+ {[%emt 0:00:15]} Qe7 {[%emt 0:00:18]} 8. Qxe7+ {[%emt 0:00:09]} Kxe7 {[%emt 0:00:42]} 9. Ne2 {[%emt 0:00:44]} Be6 {[%emt 0:01:09]} 10. Bxe6 {[%emt 0:00:35]} fxe6 {[%emt 0:00:17]} 11. Bf4 {[%emt 0:00:09]} Re8 {[%emt 0:05:30]} 12. O-O-O {[%emt 0:00:25]} a5 {[%emt 0:03:26]} 13. Rhe1 {[%emt 0:02:51]} Na6 {[%emt 0:02:13]} 14. Bd2 {[%emt 0:06:56]} b6 {[%emt 0:04:18]} 15. a3 {[%emt 0:03:37]} Kf7 {[%emt 0:02:00]} 16. Nc3 {[%emt 0:05:44]} Ra7 {[%emt 0:09:56]} 17. Ne4 {[%emt 0:07:28]} Bf8 {[%emt 0:10:12]} 18. Bf4 {[%emt 0:02:53]} Rd7 {[%emt 0:01:17]} 19. Re3 {[%emt 0:09:27]} Red8 {[%emt 0:02:39]} 20. Red3 {[%emt 0:01:01]} b5 {[%emt 0:09:59]} 21. Be3 {[%emt 0:05:31]} Rd5 {[%emt 0:03:15]} 22. g4 {[%emt 0:07:12]} h6 {[%emt 0:03:54]} 23. h3 {[%emt 0:08:13]} a4 {[%emt 0:00:55]} 24. R1d2 {[%emt 0:06:03]} R5d7 {[%emt 0:05:01]} 25. Kb1 {[%emt 0:11:01]} Rc8 {[%emt 0:02:37]} 26. c4 {[%emt 0:04:02]} Rcd8 {[%emt 0:07:40]} 27. cxb5 {[%emt 0:04:12]} cxb5 {[%emt 0:00:15]} 28. Rc3 {[%emt 0:00:28]} Rc7 {[%emt 0:02:56]} 29. Bf4 {[%emt 0:01:52]} Rxc3 {[%emt 0:06:10]} 30. Nxc3 {[%emt 0:00:10]} b4 {[%emt 0:00:17]} 1/2-1/2

[Event "WSTCC-65 2020"]
[Site "Prague"]
[Date "2020.03.12"]
[Round "7.5"]
[White "Klundt, Klaus"]
[Black "Balashov, Yuri S"]
[Result "0-1"]
[WhiteElo "2299"]
[BlackElo "2465"]
[Annotator "TA"]
[PlyCount "78"]
[EventDate "2020.03.06"]
[EventType "team-tourn"]
[EventCountry "CZE"]
[SourceTitle "playchess.com"]
[Source "ChessBase"]
[SourceQuality "1"]

{[%evp 16,78,39,0,16,3,6,4,20,19,16,17,9,9,21,20,10,0,0,0,0,7,32,-17,-23,-26,-16,-61,-64,-102,-98,-171,-161,-172,-168,-159,-134,-133,-155,-153,-175,-161,-174,-163,-149,-153,-164,-224,-221,-233,-221,-224,-220,-262,-266,-467,-462,-460,-453,-507,-505,-679,-678,-611,-383]} 1. e4 c5 2. Nf3 d6 3. d4 Nf6 4. Nc3 cxd4 5. Nxd4 a6 {[%cal Ba7a6,Ba6a5,Ba5a4][%mdl 32]} 6. Be3 e5 7. Nb3 Be7 8. Qd2 O-O 9. Be2 a5 {B92: Sicilian Najdorf: 6 Be2.} 10. Rd1 a4 11. Nc1 Nc6 {The position is equal.} 12. O-O a3 13. b3 Be6 {[#]} 14. Bf3 $146 ({Predecessor:} 14. f4 exf4 15. Bxf4 Qa5 16. Nd5 Qxd2 17. Nxf6+ Bxf6 18. Rxd2 Bd4+ 19. Kh1 Be5 20. Bb5 Nd4 21. Bd3 Rfc8 22. Ne2 Nxe2 23. Rxe2 Kf8 24. h3 {½-½ (24) Lukovic,V (2439)-Arsovic,Z (2422) Valjevo 2018}) 14... Qa5 15. Nd5 Bxd5 $1 16. exd5 Qxd2 17. Rxd2 Nb4 18. c3 Na6 19. Be2 Rfc8 20. Bxa6 Rxa6 21. c4 {[#]} b5 $1 $36 {[%mdl 2560] Black has some pressure.} 22. cxb5 Ra5 23. f3 (23. b6 $17) 23... Rxb5 $19 24. Rfd1 Bd8 25. Ne2 Ba5 26. Rd3 h5 27. Rc1 Rxc1+ 28. Bxc1 Bb4 ({Resist} 28... Nxd5 29. Bxa3 Bb6+ 30. Kh1 $15) (28... Rxd5 29. Rxd5 Nxd5 30. Bxa3 $11) 29. Nc3 Rc5 30. Bd2 Bxc3 $1 31. Bxc3 $17 {[%mdl 4096] Endgame [#] KRB-KRN} (31. Rxc3 {might work better.} Rxc3 32. Bxc3) 31... e4 $1 $19 {[%cal Re4d3]} ({Not} 31... Rxd5 32. Rd2 $15) ({Don't do} 31... Nxd5 32. Bd2 $17) 32. fxe4 Nxe4 33. Be1 Rc2 34. Rd4 f5 35. Kf1 $2 (35. Ra4 Rxa2 36. Ra5) 35... Rxa2 {Black is clearly winning.} 36. Ra4 Nf6 37. Bb4 Nxd5 38. Bxd6 Ne3+ 39. Ke1 f4 {Accuracy: White = 60%, Black = 100%.} 0-1

[Event "WSTCC-65 2020"]
[Site "Prague"]
[Date "2020.03.12"]
[Round "7.6"]
[White "Sveshnikov, Evgeny"]
[Black "Blodig, Reinhard"]
[Result "1-0"]
[WhiteElo "2470"]
[BlackElo "2078"]
[Annotator "TA"]
[PlyCount "81"]
[EventDate "2020.03.06"]
[EventType "team-tourn"]
[EventCountry "CZE"]
[SourceTitle "playchess.com"]
[Source "ChessBase"]
[SourceQuality "1"]

{[%evp 12,81,51,47,82,57,91,76,127,111,123,122,99,97,97,69,88,49,113,109,100,77,89,78,91,94,83,54,91,42,76,64,75,75,98,76,71,75,76,64,82,43,43,46,102,97,95,89,520,483,400,225,1145,1058,851,907,4133,4093,11647,5120,5081,3826,29980,29981,29991,29992,29992,29993,29993,29986,29994,29986]} 1. e4 d6 2. d4 Nf6 3. Nc3 g6 4. Be3 c6 5. h3 Bg7 6. f4 Qa5 7. Qd2 a6 {B07: Pirc Defence: Miscellaneous Systems.} 8. Nf3 b5 {Threatening ...b4.} 9. Bd3 {[#]} Bb7 $146 (9... Nbd7 $142) ({Predecessor:} 9... Nbd7 10. O-O Bb7 11. e5 Ng8 12. exd6 exd6 13. a4 Qd8 14. d5 cxd5 15. axb5 a5 {1-0 (39) Van Delft,M (2391)-Heuveling,G Vlissingen 2012}) 10. e5 Nd5 11. Nxd5 Qxd2+ 12. Kxd2 cxd5 13. a4 b4 14. a5 Kd7 (14... dxe5 $14 15. dxe5 (15. fxe5 Nc6 $11) 15... Nc6) 15. c3 $16 Nc6 16. Ra4 bxc3+ 17. bxc3 f6 {[%cal Rd6e5]} 18. Rb1 Rhb8 19. exf6 exf6 20. h4 Bc8 21. f5 Rxb1 22. Bxb1 Rb8 23. Kc1 Ne7 24. fxg6 hxg6 25. Rb4 $36 {[%mdl 2048] White is more active.} Kc7 26. Bf4 {Hoping for Rxb8.} Rxb4 27. cxb4 Bf5 (27... g5 $14 28. hxg5 fxg5 29. Bxg5 Nc6) 28. Bxf5 Nxf5 {[%mdl 4096] Endgame KBN-KBN} 29. g4 Bh6 $2 {[%mdl 8192] Black cannot hold the game after this.} (29... Ne7 $16) 30. gxf5 $18 Bxf4+ {KB-KN} 31. Kc2 g5 $2 (31... gxf5 32. h5 Bh6) 32. hxg5 fxg5 33. b5 axb5 {[#]} 34. Nh2 $1 {[%cal Rh2g4][%mdl 576] Promotion} Bxh2 {KB-K3P} 35. f6 Kd7 36. a6 g4 37. a7 {White mates.} g3 38. a8=Q g2 39. Qb7+ {[%mdl 64] Double Attack} Ke6 40. Qe7+ Kf5 41. Qh7+ {Accuracy: White = 81%, Black = 40%.} 1-0

[Event "WSTCC-65 2020"]
[Site "Prague"]
[Date "2020.03.12"]
[Round "7.7"]
[White "Kannenberg, Karl-Heinz"]
[Black "Rashkovsky, Nukhim N"]
[Result "0-1"]
[WhiteElo "2118"]
[BlackElo "2440"]
[Annotator "TA"]
[PlyCount "94"]
[EventDate "2020.03.06"]
[EventType "team-tourn"]
[EventCountry "CZE"]
[SourceTitle "playchess.com"]
[Source "ChessBase"]
[SourceQuality "1"]

{[%evp 10,94,24,22,19,24,27,29,45,15,36,0,0,-30,-22,-22,-26,-36,0,-4,0,-16,0,-10,0,-7,0,-69,0,0,0,0,0,0,0,-100,-46,-167,-160,-667,-703,-689,-681,-1417,-1301,-29991,-1075,-1051,-977,-1235,-1231,-1173,-1044,-979,-935,-885,-768,-745,-416,-444,-422,-682,-678,-678,-677,-658,-646,-647,-457,-428,-331,-347,-327,-491,-465,-466,-417,-894,-881,-837,-816,-1806,-1408,-6111,-4670,-29984,-6492]} 1. d4 Nf6 2. Nf3 g6 3. e3 Bg7 4. Be2 O-O 5. O-O d6 6. c4 Nfd7 {E60: King's Indian: Unusual lines and Fianchetto Variation without Nc3.} 7. Nc3 e5 8. Qc2 Nc6 {[%cal Re5d4] White has an edge.} 9. Rd1 f5 {[#]} 10. c5 $146 ({Predecessor:} 10. d5 Nb4 11. Qb1 g5 12. a3 Na6 13. b4 g4 14. Nd2 Qh4 15. g3 Qh3 16. Bf1 {½-½ (60) Botsari,A (2324)-Vega Gutierrez,S (2392) Reykjavik 2015}) 10... e4 11. Ne1 Nf6 12. cxd6 cxd6 13. b4 {[%cal Bb2b4,Bb4b5][%mdl 32]} Kh8 14. b5 Na5 15. Bd2 Be6 16. Qa4 b6 17. Rac1 d5 18. Nb1 (18. Nc2 $11) 18... f4 ({Black should play} 18... Nc4 $15 19. Bxc4 dxc4) 19. exf4 $11 Bg4 $36 {[%mdl 2048] White is under pressure.} 20. Bxg4 Nxg4 21. h3 Nh6 22. Na3 (22. Nc3 $11 {remains equal.}) 22... Nf5 ({Black should try} 22... Qh4 $1 $17) 23. Be3 {[#] White does not recover from this.} ({Better is} 23. Nec2 $15) 23... g5 $1 $19 {[%mdl 512]} 24. fxg5 $2 (24. g3 $17) 24... Nxe3 25. fxe3 Qxg5 26. Nec2 Rf3 27. Kh1 {[#]} Rf2 (27... Qh4 $142 $3 {[%mdl 512]} 28. Rd2 {[#]} Rg8 $3 {[%mdl 512]} 29. Rcd1 Bh6 $1 {[%mdl 512]} 30. Kh2 Rxh3+ $1 {[%mdl 512]} 31. gxh3 Qg3+ {[%mdl 64] Double Attack} 32. Kh1 Qxh3+ 33. Rh2 Qf3+ {[%mdl 64] Double Attack} 34. Rg2 Qxg2#) 28. Rg1 Rg8 {Threatens to win with ...Bf8.} 29. Rcf1 Rxf1 30. Rxf1 Bf8 {[%csl Gg8][%cal Rg5g2]} 31. Rf2 Bd6 32. Kg1 Qg3 {And now ...Qh2+ would win.} 33. Kf1 Qh2 {White must now prevent ...Bg3.} 34. Ne1 Bg3 35. Qc2 (35. Qb4 $142 Bxf2 36. Kxf2) 35... Qh1+ 36. Ke2 Bxf2 37. Kxf2 {If only White now had time for Qc7....} Rf8+ 38. Ke2 Qh2 ({Not} 38... Qg1 39. Qc7 $17) 39. Kd1 Qd6 40. Qc3 Kg7 41. Qb2 (41. Nec2 {keeps fighting.}) 41... h5 42. Qc3 Rf7 43. Nac2 (43. Nec2 $142 Rf1+ 44. Ke2) 43... Nc4 44. Nb4 Rf2 45. Kc1 Re2 46. Nbc2 Qg3 47. Qb4 Kf7 {Accuracy: White = 39%, Black = 77%.} 0-1

[Event "WSTCC-65 2020"]
[Site "Prague"]
[Date "2020.03.12"]
[Round "7.8"]
[White "Zhelnin, Vladimir V"]
[Black "Seibold, Hubert"]
[Result "1-0"]
[WhiteElo "2404"]
[BlackElo "2123"]
[Annotator "TA"]
[PlyCount "63"]
[EventDate "2020.03.06"]
[EventType "team-tourn"]
[EventCountry "CZE"]
[SourceTitle "playchess.com"]
[Source "ChessBase"]
[SourceQuality "1"]

{[%evp 28,63,51,41,56,27,43,45,48,39,46,21,62,58,89,71,84,81,107,104,99,87,112,89,134,120,110,136,112,117,208,106,334,333,732,718,29997,29998]} 1. e4 c5 2. Nf3 g6 3. d4 cxd4 4. Nxd4 Bg7 5. c4 Nc6 6. Be3 Nf6 7. Nc3 d6 8. Be2 O-O 9. O-O Bd7 10. Rc1 Nxd4 11. Bxd4 Bc6 12. f3 a5 13. b3 Nd7 14. Be3 Nc5 15. Qd2 {[#]} Be5 $146 {B38: Sicilian: Maroczy Bind with 5...Bg7 and 7...0-0.} ({Predecessor:} 15... Qb6 16. Nb5 Rfc8 17. Kh1 Qd8 18. Nd4 Qf8 19. Rb1 Bd7 20. Rfc1 h5 21. a3 a4 22. b4 Bxd4 23. bxc5 Bxe3 24. Qxe3 Rxc5 25. Rxb7 {0-1 (49) Favarel,J (2266)-Kirk,E (2420) Hossegor 2018}) 16. Bh6 Bg7 17. Bg5 b6 {White is slightly better.} 18. Kh1 Ra7 19. Rfe1 f6 20. Be3 Kh8 21. Bf1 f5 22. exf5 gxf5 23. Nd5 Be5 24. Bg5 Bxd5 25. Qxd5 f4 26. Rxe5 dxe5 27. Qxe5+ {[%mdl 64] [#] Double Attack} Kg8 28. Bxf4 ({But not} 28. Bh6 Rf6 $14) 28... e6 (28... Qd6 $16 29. Qxd6 exd6) 29. Bg5 (29. Bh6 $18) 29... Qd7 $2 (29... Qb8 $16 30. Qe2 Qe8) 30. Bh6 $18 Rf5 $2 {[#]} (30... Rfa8 31. Qg3+ Kh8) 31. Qg3+ Kh8 32. Qb8+ {[%mdl 64] Double Attack. White took control after the opening. Accuracy: White = 70%, Black = 37%.} 1-0

[Event "WSTCC-65 2020"]
[Site "Prague"]
[Date "2020.03.12"]
[Round "7.9"]
[White "Knaak, Rainer"]
[Black "Uddenfeldt, Dan"]
[Result "1-0"]
[WhiteElo "2478"]
[BlackElo "2320"]
[Annotator "TA"]
[PlyCount "132"]
[EventDate "2020.03.06"]
[EventType "team-tourn"]
[EventCountry "CZE"]
[SourceTitle "playchess.com"]
[Source "ChessBase"]
[SourceQuality "1"]

{[%evp 9,132,-6,10,16,5,11,18,-1,27,16,12,-8,-3,0,-3,-18,18,4,22,-7,-11,-8,-8,-11,-10,-18,7,-8,-8,-15,-14,-16,-23,-20,-20,-11,-14,-31,-16,-15,-16,-29,-37,-20,-24,-23,0,-28,0,0,0,0,25,25,27,23,33,26,38,0,0,0,0,0,27,27,32,8,86,80,104,0,416,219,416,416,416,416,413,19,414,414,410,405,402,397,397,8,45,8,29946,29955,29955,29956,29967,29969,29973,8,10,8,29972,29958,29960,29961,29965,29965,29972,29974,29973,8,8,8,8,8,8,8,29967,29968,29964,900,29975,29976,29976,29976,29974]} 1. d4 Nf6 2. c4 e6 3. Nc3 Bb4 4. e3 O-O 5. Bd2 c5 6. a3 {E46: Nimzo-Indian: Rubinstein: 4 e3 0-0 5 Ne2 without early Bd3.} Bxc3 7. Bxc3 Ne4 8. Rc1 {The position is equal.} Qf6 {[%csl Ge4][%cal Rf6f2] [#]} 9. Nf3 $146 ({Predecessor:} 9. Qc2 Nxc3 10. bxc3 d5 11. Nf3 Nc6 12. Be2 Bd7 13. O-O Qe7 14. Ra1 Rac8 15. Qb2 b6 16. Rfd1 {½-½ (16) Rosenau,S-Helms,S Germany 1992}) 9... d6 10. dxc5 Nxc3 11. Rxc3 dxc5 12. Qd6 Nd7 13. Bd3 Re8 14. Qg3 e5 {aiming for ...e4.} 15. Nd2 Qe7 16. O-O Nf6 17. f3 Nh5 18. Qf2 f5 19. Be2 Nf6 20. Rc2 Be6 21. Nb1 Rad8 {[%cal Ba8d8,Bd8d7,Bd7d4,Bd4e4][%mdl 32]} 22. Nc3 Rd7 23. e4 fxe4 24. fxe4 Rd4 25. Nb5 Rxe4 26. Nxa7 Rd8 27. Nb5 Rf4 28. Qe1 Bf5 29. Rd2 Rxf1+ (29... Rd7 {looks sharper.} 30. Rxd7 Bxd7 31. Qa5 Bc6 32. Na7 Rxf1+ 33. Kxf1 Qd6) 30. Bxf1 {With the idea Rxd8+.} e4 31. Rxd8+ Qxd8 32. Qf2 g6 33. h3 Qe7 34. Qe3 Bd7 35. Nc3 Qe5 36. b4 b6 37. bxc5 bxc5 38. a4 (38. Nd5 $5) 38... Nh5 (38... Kf7 $11) 39. a5 $16 {Nd5 is the strong threat.} Ng3 40. a6 (40. Nd5 $1 $16) 40... Qd4 $2 {[%mdl 8192]} (40... Nxf1 $11 41. Kxf1 Qf6+ {[%mdl 64] Double Attack} 42. Ke2 Qxa6) 41. Nd5 (41. Qxd4 $142 cxd4 42. Nd5) 41... Kf7 $2 (41... Qxe3+ {might work better.} 42. Nxe3 Kf7) 42. Qxd4 $18 cxd4 43. Kf2 Nxf1 44. Kxf1 $2 {[%mdl 4096] Endgame KB-KN} (44. Nb4 $1 $18 {Strongly threatening a7.} Bc8 45. Kxf1) 44... Ke6 $2 {[%mdl 8192]} (44... Bc6 $1 $11 {and Black has nothing to worry.}) 45. Nb4 $1 Bc8 46. c5 $1 Bxa6+ 47. Nxa6 {KN-KP} Kd5 48. h4 $2 (48. Ke1 $18 Kc6 49. Kd2) 48... Kc6 $11 49. Ke2 Kb5 $2 {[%mdl 8192]} (49... h5 $11) 50. Nb8 Kxc5 51. Nd7+ Kc4 52. Nf6 $1 {[%csl LRe4,LRh7][%mdl 64] Double Attack} e3 53. Ne4 $2 (53. Nxh7 Kc5 54. Nf8 Kd5 55. Nxg6 Ke4 56. h5 Kf5 57. g4+ $1 {[%mdl 512]} Kf6 58. Nh4) 53... Kd5 $1 {[%cal Rd5e4]} 54. Ng5 {Hoping for Kd3.} Kc4 $2 {[%mdl 8192]} (54... h6 $11 55. Nf3 Ke4) 55. Nf3 Kc3 56. Ne5 Kc2 57. g4 Kc3 58. g5 Kc2 {[#]} 59. Nd3 $2 (59. Nc4 $1 {mates} Kc3 {[#]} 60. Nxe3 $1 {[%mdl 512]} d3+ 61. Kd1 Kd4 62. Ng4 Ke4 63. Nf6+ Kf4 64. Nxh7) 59... Kc3 60. Ne1 Kc4 61. Ng2 $1 Kd5 $1 62. Kf3 Ke5 $2 {[%mdl 8192]} (62... Kc4 $11) 63. Nf4 Kf5 64. Ne2 (64. Nd5 $142 Ke5 65. Nb4 Kd6 66. Ke4 Kc5 67. Nc2 e2 68. Ne1 Kc4 69. Kf3) 64... d3 65. Nd4+ Ke5 66. Kxe3 Kd5 {Accuracy: White = 64%, Black = 59%.} 1-0

[Event "WSTCC-65 2020"]
[Site "Prague"]
[Date "2020.03.12"]
[Round "7.10"]
[White "Renman, Nils-Gustaf"]
[Black "Chevelevitch, Evgueni"]
[Result "1/2-1/2"]
[WhiteElo "2307"]
[BlackElo "2391"]
[Annotator "TA"]
[PlyCount "104"]
[EventDate "2020.03.06"]
[EventType "team-tourn"]
[EventCountry "CZE"]
[SourceTitle "playchess.com"]
[Source "ChessBase"]
[SourceQuality "1"]

{[%evp 21,104,48,58,55,42,52,42,27,79,73,99,108,123,89,82,93,97,72,87,108,91,53,44,27,227,223,330,310,643,214,213,206,185,0,0,0,0,0,0,0,86,86,152,147,195,17,16,16,16,17,8,0,0,-8,-14,-17,0,0,8,-8,-8,-8,-8,-8,-8,-8,-14,-158,-8,-8,-8,-8,-8,-8,-8,-8,-8,-8,-8,-8,0,0,0,0,0]} 1. d4 Nf6 2. c4 g6 3. Nc3 Bg7 4. e4 d6 5. h3 O-O 6. Nf3 e5 7. d5 a5 8. g4 Na6 9. Be3 Nc5 10. Nd2 Bd7 11. Be2 c6 12. g5 {E92: King's Indian: Classical: 6 Be2 e5: 7 dxe5, 7 Be3 and Petrosian System without 7...Nbd7.} Ne8 13. h4 a4 14. a3 {White is slightly better.} Qa5 (14... f6 $11) 15. h5 $16 Nc7 16. Kf1 {[#]} N7a6 $146 ({Predecessor:} 16... Rfc8 17. hxg6 hxg6 18. Kg2 cxd5 19. exd5 Ne8 20. Nce4 Nxe4 21. Nxe4 b5 22. c5 Bf5 {½-½ (57) Wang,Y (2737)-Kovalev,V (2599) Baku 2016}) 17. Bg4 Bxg4 18. Qxg4 Nd3 19. Qh3 Rfe8 20. hxg6 hxg6 21. Ne2 Kf8 22. Qh7 Qd8 $2 (22... cxd5 $1 $11 23. exd5 Nac5) 23. Rh3 $1 $18 Nac5 (23... Qd7 $142 24. f4 Nxf4 25. Bxf4 cxd5) 24. Rf3 Nf4 $2 (24... cxd5 25. Bxc5 (25. cxd5 Qb6 $18) (25. exd5 Qd7 $14) 25... Nxc5) 25. Nxf4 $2 (25. Bxf4 Qd7 26. Be3) 25... exf4 26. Rxf4 {Hoping for Qxg6.} Qxg5 27. Rxf7+ $2 (27. Rf5 $1 $18 {[%cal Rf5g5]} Qxe3 28. fxe3 gxf5 29. Ke2 (29. exf5 Bf6 $16)) 27... Kxf7 $11 28. Bxg5 Rh8 29. Qxh8 $1 Rxh8 30. Ke2 cxd5 (30... Bxb2 $11 31. Rb1 Bxa3) 31. cxd5 $16 Bxb2 ({Better is} 31... b5) 32. Rb1 Bd4 {[#]} 33. Nf3 $2 (33. Bf4 $1 $18) 33... Bf6 $11 34. Be3 Nxe4 {...Nc3+ is the strong threat.} 35. Rxb7+ Ke8 36. Bd4 Rh3 37. Rb4 Bxd4 38. Rxd4 {[%mdl 4096] Endgame KRN-KRN} Nc5 39. Rg4 Rh5 40. Rg5 Kf7 41. Ke3 Kf6 42. Rxh5 gxh5 {KN-KN} 43. Kf4 Nd3+ 44. Ke3 {[#]} (44. Kg3 $1 $11 {remains equal.}) 44... Ne5 (44... Nb2 $1 $17 {[%cal Rb2c4] aiming for ...Nc4+.} 45. Kf4 Nd1) 45. Nd2 {The position is equal.} Ng4+ 46. Kf4 Nxf2 47. Nc4 Nd3+ 48. Ke3 Nc5 49. Kf4 Ke7 50. Nb2 Kd7 51. Kg5 Kc7 52. Kxh5 Kb7 {Accuracy: White = 68%, Black = 58%.} 1/2-1/2

[Event "WSTCC-65 2020"]
[Site "Prague"]
[Date "2020.03.12"]
[Round "7.11"]
[White "Hort, Vlastimil"]
[Black "Wahlbom, Magnus"]
[Result "0-1"]
[WhiteElo "2397"]
[BlackElo "2176"]
[Annotator "TA"]
[PlyCount "88"]
[EventDate "2020.03.06"]
[EventType "team-tourn"]
[EventCountry "CZE"]
[SourceTitle "playchess.com"]
[Source "ChessBase"]
[SourceQuality "1"]

{[%evp 11,88,36,43,35,51,36,69,17,58,54,96,84,95,75,80,41,41,59,98,39,88,22,30,6,27,16,25,8,8,0,0,0,0,-4,7,-116,-114,-132,-123,-129,-119,-164,-89,-175,-50,-266,-278,-261,-274,-351,-327,-471,-462,-485,-456,-423,976,-1089,0,0,0,-1009,0,0,0,-992,-961,-1230,-1217,-29983,-29984,-29984,-29983,-29985,-29986,-29986,-29987,-29987,-409]} 1. c4 Nf6 2. Nc3 g6 3. e4 d6 4. d4 Bg7 5. Nge2 O-O 6. Ng3 Nbd7 7. Be2 {E70: King's Indian: Miscellaneous lines with 4 e4, including 5 Nge2 and 5 Bd3 0-0 6 Nge2.} c6 {Recently 7...h5 got a lot of attention.} 8. Be3 a6 9. a4 (9. f4 $14) 9... e5 10. d5 $1 {[#]} c5 $146 ({Predecessor:} 10... cxd5 11. cxd5 h5 12. h3 h4 13. Nf1 Nh7 14. Nd2 f5 15. f3 Bf6 16. Bf2 Bg5 {1-0 (69) Ruzicka,P (2201)-Mitura,K (2151) Czech Republic 2019}) 11. a5 Rb8 12. Qd2 b6 13. O-O h5 14. Bg5 Qc7 15. Rfb1 ({White should play} 15. axb6 $16 Rxb6 16. Rfb1) 15... Nh7 16. Bh6 (16. Be7 $16) 16... h4 $11 17. Nf1 Qd8 18. h3 bxa5 19. b3 f5 20. Bxg7 Kxg7 21. Ra2 Ndf6 22. Bf3 fxe4 23. Nxe4 (23. Bd1 $11 {remains equal.}) 23... Nxe4 $17 24. Bxe4 Ng5 25. f3 {[#]} Bxh3 $1 {[%mdl 512]} 26. gxh3 {aiming for Qg2.} Rxf3 27. Qg2 (27. Qe2 $17 {was necessary.} Nxh3+ 28. Kh2 Rf2+ 29. Qxf2 Nxf2 30. Rxf2) 27... Rbxb3 (27... Rfxb3 $19 28. Re1 Qf6) 28. Rxb3 $2 ({White should try} 28. Bxf3 $15 Nxf3+ 29. Kf2 Rxb1 30. Kxf3) 28... Rxb3 $19 29. Qg4 Nxh3+ 30. Kh1 Qf6 $1 {[%cal Rf6f1]} 31. Qd7+ (31. Nh2 $142 Qg5 32. Qxg5 Nxg5 33. Bc2) 31... Kh6 32. Nh2 Qf4 {( -> ...Qc1+)} 33. Ng4+ {[#]} Kg5 $4 {[%mdl 8192]} (33... Kh5 $1 $19 34. Rg2 Rg3 35. Rxg3 hxg3 36. Nf6+ {[%mdl 64] Discovered Attack} Qxf6 37. Qxh3+ Qh4 38. Bxg6+ {[#]} Kg5 $1 {[%mdl 512]} 39. Qxh4+ Kxh4) 34. Rg2 $4 {[%mdl 8192]} (34. Qe7+ $18 Kxg4 35. Qe6+ {[%mdl 64] Double Attack} Qf5 36. Bxf5+ gxf5 37. Qxd6 {[%mdl 64] Double Attack} Rb1+ 38. Kh2) 34... Qc1+ ({And not} 34... Qxe4 35. Nf2+ Qxg2+ 36. Kxg2 $11) 35. Kh2 Qf4+ {[%mdl 64] Double Attack} 36. Kh1 Qc1+ $2 ({Not} 36... Qxe4 37. Nf2+ Qxg2+ 38. Kxg2 $11) (36... Rg3 $19 37. Qxd6 Qxe4 {[%mdl 64] Double Attack} 38. Qxe5+ Qxe5 39. Nxe5 Rxg2 40. Kxg2 Nf4+ 41. Kf3 a4) 37. Kh2 $11 {Threatening mate with Qd8+.} Qf4+ $2 {[%mdl 8192]} (37... Rg3 $11 38. Rxg3 hxg3+ 39. Kxh3 Qf1+ 40. Bg2 Qf5 41. Qd8+ Kf4) 38. Kh1 $19 {White threatens Qe7+ and mate.} Rg3 ({Worse is} 38... Qxe4 39. Nf2+ Qxg2+ 40. Kxg2 $11) 39. Qe7+ Kxg4 $1 40. Qe6+ Kh5 {Black mates.} 41. Bxg6+ Kg5 $1 42. Rxg3+ hxg3 {[%cal Rf4f3]} 43. Qxh3 Qf3+ 44. Kg1 Qf2+ {Accuracy: White = 47%, Black = 66%.} 0-1

[Event "WSTCC-65 2020"]
[Site "Prague"]
[Date "2020.03.12"]
[Round "7.12"]
[White "Malmdin, Nils-Ake"]
[Black "Buchal, Stephan"]
[Result "1/2-1/2"]
[WhiteElo "2168"]
[BlackElo "2276"]
[Annotator "ChessBase"]
[PlyCount "47"]
[EventDate "2020.03.06"]
[EventType "team-tourn"]
[EventCountry "CZE"]
[SourceTitle "playchess.com"]
[Source "ChessBase"]
[SourceQuality "1"]
[TimeControl "40/5400+30:1800+30"]

1. e4 {[%emt 0:00:00]} d6 {[%emt 0:00:00]} 2. d4 {[%emt 0:00:11]} g6 {[%emt 0:00:02]} 3. Nc3 {[%emt 0:00:19]} Bg7 {[%emt 0:00:14]} 4. Be3 {[%emt 0:01:16]} a6 {[%emt 0:00:23]} 5. h4 {[%emt 0:00:48]} h5 {[%emt 0:03:46]} 6. Qd2 {[%emt 0:00:30]} b5 {[%emt 0:00:45]} 7. O-O-O {[%emt 0:04:19]} Bb7 {[%emt 0:02:26]} 8. f3 {[%emt 0:00:14]} Nd7 {[%emt 0:01:28]} 9. Nh3 {[%emt 0:00:16]} Rc8 {[%emt 0:04:11]} 10. Ng5 {[%emt 0:00:19]} e6 {[%emt 0:26:58]} 11. Kb1 {[%emt 0:19:14]} Ngf6 {[%emt 0:05:22]} 12. Bf4 {[%emt 0:21:44]} Qe7 {[%emt 0:03:44]} 13. Bd3 {[%emt 0:04:13]} e5 {[%emt 0:04:17]} 14. Be3 {[%emt 0:03:13]} exd4 {[%emt 0:19:27]} 15. Bxd4 {[%emt 0:00:14]} c5 {[%emt 0:03:55]} 16. Bf2 {[%emt 0:01:23]} b4 {[%emt 0:02:11]} 17. Nd5 {[%emt 0:03:20]} Nxd5 {[%emt 0:03:01]} 18. exd5 {[%emt 0:00:27]} O-O {[%emt 0:04:06]} 19. Rhe1 {[%emt 0:06:14]} Qf6 {[%emt 0:01:42]} 20. Qc1 {[%emt 0:00:17]} Nb6 {[%emt 0:01:00]} 21. Ne4 {[%emt 0:05:55]} Qd8 {[%emt 0:01:02]} 22. Qg5 {[%emt 0:03:04]} Na4 {[%emt 0:03:05]} 23. Qxd8 {[%emt 0:02:41]} Rfxd8 {[%emt 0:00:03]} 24. b3 {[%emt 0:00:41]} 1/2-1/2